000 00324nam a2200145 i 4500
001 bg
100 1 _aSOSTAK, R. Ja.
245 0 _aOperacionnoe iscislenie /
_cR.Ja. Sostak.
250 _aWyd.2.
260 _aMoskwa,
_c1972.
040 _cBPK
041 _apol
942 _cKS
008 s pl f |000 0 pol
999 _c14728
_d14728
856 _uhttp://koha.tu.koszalin.pl/cgi-bin/koha/opac-detail.pl?biblionumber=14728
_yKatalog online BPK